| 000 | 00000nam 2200000zi 4500 |
| 001 | 9.923819 |
| 003 | CaOODSP |
| 005 | 20240527135432 |
| 006 | m o d f |
| 007 | cr bn||||||||| |
| 008 | 230124e199111##nfcd o f000 0 eng d |
| 040 | |aCaOODSP|beng|erda|cCaOODSP |
| 043 | |an-cn-nf |
| 086 | 1 |aCW66-1121/1991E-PDF |
| 100 | 1 |aGoudie, R. Ian, |eauthor. |
| 245 | 10|aBlack Duck Joint Venture Monitoring Surveys, Newfoundland and Labrador, 1991 / |cR. Ian Goudie. |
| 264 | 1|aSt. John's, Newfoundland : |bCanadian Wildlife Service, |cNovember 1991. |
| 300 | |a1 online resource (5 pages, 11 unnumbered pages) : |bgraphs |
| 336 | |atext|btxt|2rdacontent |
| 337 | |acomputer|bc|2rdamedia |
| 338 | |aonline resource|bcr|2rdacarrier |
| 500 | |aCaption title. |
| 500 | |aDigitized edition from print [produced by Environment and Climate Change Canada]. |
| 520 | |a"Surveys to implement the 1991 Black Duck Joint Venture (BDJV) Monitoring Program for Newfoundland and Labrador were initiated on 13 May 91"--Introduction, page 2. |
| 650 | 0|aBlack duck|xMonitoring|zNewfoundland and Labrador. |
| 650 | 6|aCanard noir|xSurveillance|zTerre-Neuve-et-Labrador. |
| 710 | 2 |aCanadian Wildlife Service, |eissuing body. |
| 856 | 40|qPDF|s237 KB|uhttps://publications.gc.ca/collections/collection_2024/eccc/cw66/CW66-1121-1991-eng.pdf |